[Event "Belarus-ch Men 2022"]
[Site "Minsk"]
[Date "2022.01.17"]
[Round "9.5"]
[White "Stupak, Kirill"]
[Black "Stribuk, Artiom"]
[Result "1/2-1/2"]
[WhiteElo "2478"]
[BlackElo "2210"]
[Annotator "TA"]
[PlyCount "131"]
[EventDate "2022.01.09"]
[EventType "tourn"]
[EventCountry "BLR"]
[SourceTitle "playchess.com"]
[Source "ChessBase"]
[SourceQuality "1"]

{[%evp 9,131,45,47,58,45,60,48,49,43,51,60,19,12,34,13,29,18,0,1,13,54,80,71,20,11,0,0,0,0,0,0,0,0,0,0,0,0,-11,109,100,100,110,108,101,108,94,94,94,112,68,143,21,28,69,184,48,56,4,11,8,315,0,0,0,12817,12825,12821,12829,12830,12831,12833,12831,12832,0,12837,0,0,-28000,-28000,-28000,-28000,-28000,-28000,-28000,-28000,-28000,-28000,-28000,-28000,-28000,-28000,-28000,-28000,-28000,-28000,-28000,-28000,-28000,-28000,-28000,-28000,-28000,-28000,-28000,-28000,-28000,-28000,-28000,-28000,-28000,-28000,-28000,-28000,-28000,-28000,-28000,-28000,-28000,-28000,-28000,-28000,-28000,-28000,-28000]} 1. Nf3 Nf6 2. c4 g6 3. Nc3 Bg7 4. e4 e5 5. Nxe5 O-O {[%cal Of6e4]} 6. Nf3 {A16: English Opening: 1...Nf6 with ...d5.} Re8 7. d3 d5 8. cxd5 {White is slightly better.} Nxd5 9. Bd2 $1 {[%mdl 4] is currently scoring better than 9.Nxd5.} Bg4 10. Qb3 (10. Be2 $14 Bxf3 11. gxf3 (11. Bxf3 Nb4 $11)) 10... Nxc3 11. bxc3 {[#]} Bxf3 $146 ({Predecessor:} 11... Na6 12. Be2 Nc5 13. Qc2 Bxf3 14. gxf3 Qh4 15. d4 Ne6 16. Qc1 c6 17. a4 Qh3 {½-½ (36) Giri,A (2787)-Dubov,D (2690) Moscow 2019}) 12. gxf3 (12. Qxb7 $2 Nd7 13. gxf3 Ne5 $19) 12... Nd7 13. d4 {Prevents Ne5.} (13. Qxb7 $2 Ne5 14. Be2 Nxd3+ 15. Kf1 Nxf2 $1 {[%mdl 512]} 16. Kxf2 Qxd2 $19) 13... c5 $1 14. Bc4 (14. Qxb7 cxd4 15. Qd5 dxc3 $19) 14... Qf6 (14... Kh8 $1 $11) 15. Ke2 $14 (15. Qxb7 Qxf3 $1 16. O-O cxd4 $1 17. Qxd7 dxc3 18. Bxc3 Bxc3 $17) 15... Nb6 16. Bb5 ({Better is} 16. Be3 $1 $16) 16... Rec8 $1 $11 17. Be3 a6 18. Ba4 (18. dxc5 axb5 19. Bd4 Qe7 20. cxb6 Ra3 $17) 18... Nxa4 19. Qxa4 b5 $1 {[%cal Bb7b5,Bb5b4,Bb4c3][%mdl 32]} 20. Qb3 b4 21. dxc5 bxc3 {White must now prevent ...Rab8.} 22. Rab1 {Qd5 is the strong threat.} Bf8 $1 23. Qd5 {[#] Threatens to win with Rb6.} Qe6 (23... Bxc5 $1 $11 {remains equal.} 24. Bxc5 (24. e5 Qc6) 24... Rd8) 24. Rhc1 $16 {White is more active.} Bxc5 25. Qxe6 (25. Bxc5 Qxd5 26. exd5 Rxc5 $15) 25... fxe6 26. Rxc3 Bxe3 27. Rxc8+ ({But not} 27. Rxe3 $6 Rc2+ 28. Kf1 Rxa2 $11) 27... Rxc8 28. Kxe3 {[%mdl 4096] Endgame KR-KR} Rc3+ 29. Kf4 g5+ (29... Ra3 $1 $14) 30. Kxg5 (30. Kg4 $1 $16) 30... Rxf3 $11 31. Rb2 {And now h4 would win.} e5 32. h4 ({White has to play} 32. a4 $1 $18 {[%cal Ra4a5]}) 32... Rf4 $1 $14 33. h5 (33. Rb8+ $14 Kf7 34. Rb7+ Kg8 35. f3) 33... Rxe4 $11 34. Kf6 {[%cal Rb2b8]} h6 $2 {[%mdl 8192]} (34... Rf4+ $1 $11 {and Black has nothing to worry.} 35. Kxe5 Rf3) 35. Kg6 $2 (35. Rb8+ $1 $18 Kh7 36. Rb7+ Kg8 37. Rg7+ (37. Kg6 Rg4+ 38. Kxh6 Rg2 $16) 37... Kf8 38. Ra7 Rf4+ 39. Kxe5 Rxf2 40. a4 (40. Rxa6 Kg7 $18)) 35... Rg4+ $1 36. Kxh6 Rg2 $2 {[%mdl 8192]} (36... e4 $11) 37. Re2 $1 $18 e4 38. Rxe4 Rxf2 {[#]} 39. a4 $1 ({Not} 39. Ra4 Rf6+ 40. Kg5 Rd6 $16) 39... Rf6+ 40. Kg5 Rc6 41. Re5 $2 ({White should try} 41. a5 $18 Kf7 42. Re5) 41... Kh7 $2 {[%mdl 8192]} (41... a5 $11) 42. Rf5 $2 ({White should play} 42. Re7+ $18 Kg8 43. a5) 42... a5 $1 $11 43. Rxa5 $2 {[%mdl 8192] [#]} (43. Rf7+ $11 Kg8 44. Rf5) 43... Rc4 $1 {Mate.} 44. Kf6 Rf4+ 45. Ke5 Rb4 46. Kd5 Rf4 47. Ke5 Rb4 48. Ra7+ Kh8 49. h6 Rh4 50. Ra6 Kh7 51. a5 Rh5+ 52. Kd4 Rf5 53. Kc4 Rf4+ 54. Kd5 Rf5+ 55. Ke6 Rb5 56. Ra7+ Kh8 57. Ra8+ Kh7 58. Ra6 Rg5 59. Ra8 Rb5 60. a6 Rb6+ 61. Ke7 Rxh6 62. Kd7 Rg6 63. a7 Ra6 64. Rc8 Rxa7+ 65. Rc7 Rxc7+ 66. Kxc7 {[%mdl 32768] Quite a comeback for Black.  Weighted Error Value: White=0.68/Black=0.16 (very precise) . An unexpected result.} 1/2-1/2

[Event "Belarus-ch Men 2022"]
[Site "Minsk"]
[Date "2022.01.17"]
[Round "9.6"]
[White "Zarubitski, Viachaslau"]
[Black "Aleksandrov, Aleksej"]
[Result "1/2-1/2"]
[WhiteElo "2413"]
[BlackElo "2502"]
[Annotator "TA"]
[PlyCount "87"]
[EventDate "2022.01.09"]
[EventType "tourn"]
[EventCountry "BLR"]
[SourceTitle "playchess.com"]
[Source "ChessBase"]
[SourceQuality "1"]

{[%evp 12,87,14,11,11,0,10,4,4,12,14,-8,8,-7,19,7,18,22,9,4,9,4,22,0,36,27,32,30,23,29,36,37,28,32,31,0,0,0,0,0,0,0,-3,-12,-11,-8,0,0,13,23,36,27,43,0,0,0,0,0,0,0,0,0,0,0,0,-18,-18,-18,-7,-18,-18,-18,-18,-25,-12,-11,-4,-25]} 1. e4 e5 2. Nf3 Nc6 3. Bc4 Bc5 4. c3 Nf6 5. d3 d6 6. O-O O-O 7. Nbd2 {[%cal Bb1d2,Bd2f1,Bf1g3][%mdl 32]} a5 {C54: Giuoco Piano: 4 c3 Nf6, main lines with 5 d4 and 5 d3.} 8. h3 Be6 9. Bb5 Ba7 10. Re1 Ne7 11. Nf1 c6 12. Ba4 b5 13. Bc2 a4 14. d4 Ng6 {[#]} 15. Ng3 $146 ({Predecessor:} 15. a3 Bb6 16. Ng3 h6 17. Be3 c5 18. Nf5 cxd4 19. cxd4 Ba5 20. Bd2 Bxd2 21. Qxd2 {1-0 (48) Radjabov,T (2763)-Aronian,L (2782) chess24.com INT 2021}) 15... Bb6 16. Be3 Qb8 17. Ng5 Bc8 18. Nh5 Bd8 19. Nxf6+ Bxf6 20. Qh5 {[%csl Gg5][%cal Rh5h7] [#]} Bxg5 ({Don't do} 20... h6 21. Nxf7 (21. Nf3 Be6 $11) 21... Ne7 {[#]} 22. Nxh6+ $1 (22. dxe5 dxe5 23. Nxh6+ gxh6 $16) 22... gxh6 23. Bxh6 $16) 21. Qxg5 f6 22. Qh5 Be6 23. a3 Qc7 24. Rad1 Rad8 25. Rd2 Qf7 26. Qf3 Bb3 27. Bb1 d5 28. dxe5 Nxe5 29. Qf4 Qh5 30. Bd4 dxe4 31. Bxe4 Bd5 32. Bb1 (32. Bxe5 $14 fxe5 33. Qg3) 32... Ng6 $11 33. Qf5 Qxf5 34. Bxf5 Rfe8 35. Rxe8+ Rxe8 36. Bxg6 Re1+ 37. Kh2 hxg6 {[%mdl 4096] Endgame KRB-KRB} 38. Kg3 g5 39. f3 Bc4 40. h4 gxh4+ 41. Kxh4 Kf7 42. Kg3 Ke6 43. Bc5 Rb1 44. Bb4 {Weighted Error Value: White=0.06 (flawless) /Black=0.04 (flawless)} 1/2-1/2

[Event "Belarus-ch Men 2022"]
[Site "Minsk"]
[Date "2022.01.18"]
[Round "10.1"]
[White "Tsaruk, Maksim"]
[Black "Aleksandrov, Aleksej"]
[Result "1-0"]
[WhiteElo "2343"]
[BlackElo "2502"]
[Annotator "TA"]
[PlyCount "77"]
[EventDate "2022.01.09"]
[EventType "tourn"]
[EventCountry "BLR"]
[SourceTitle "playchess.com"]
[Source "ChessBase"]
[SourceQuality "1"]

{[%evp 16,77,23,11,0,5,4,0,0,0,29,26,62,35,35,27,39,36,50,43,55,29,36,7,29,31,34,20,85,69,106,96,63,69,93,91,152,137,202,201,228,199,250,268,281,270,716,679,714,701,687,657,1148,1100,29975,29976,29986,29987,29987,29988,29988,29989,29991,29992]} 1. e4 e5 2. Nf3 Nc6 3. Bb5 a6 4. Ba4 Nf6 5. O-O b5 6. Bb3 Bc5 7. c3 d6 8. d4 Bb6 9. Be3 O-O {C78: Ruy Lopez: Archangelsk and Möller Defences.} 10. Nbd2 Re8 11. h3 {11.a4 gains popularity.} Na5 {The position is equal.} 12. Bc2 c5 {[#]} 13. d5 $146 ({Predecessor:} 13. Re1 h6 14. Rc1 Bd7 15. a3 Rc8 16. b4 cxd4 17. cxd4 Nc4 18. Nxc4 Rxc4 19. dxe5 dxe5 20. Bxb6 Qxb6 {½-½ (58) Durarbayli,V (2608)-Onischuk,A (2668) Merida 2016}) 13... c4 14. Re1 Bxe3 15. Rxe3 Bd7 16. b4 Nb7 17. a4 Nh5 18. Nf1 g6 19. N3d2 Kh8 20. Qf3 Rf8 21. Ree1 {[%cal Be3e1,Be1a1,Ba1a6,Ba6b6][%mdl 32]} Ng7 (21... Nf4 $11 {keeps the balance.}) 22. Ra2 $16 f5 23. exf5 gxf5 24. Rea1 Rb8 {White now steadily converts the win.} 25. axb5 axb5 26. Ra7 Rg8 {[#]} (26... Be8 $16 27. R1a6 (27. Qg3 Bg6 $14) 27... Rf7) 27. R1a6 $1 $18 Bc8 28. Ne3 {[%cal Bf1e3,Be3g4,Bg4f6][%mdl 32]} Qg5 (28... Rf8 {might work better.} 29. Qe2 (29. Qg3 f4 $15) 29... e4) 29. Rb6 f4 30. Ng4 {And now Ne4 would win.} ({Worse is} 30. Rxb5 fxe3 31. Qxe3 (31. fxe3 Ne8 $11) 31... Qxe3 32. fxe3 Ne8 $11) (30. Qe4 Qh5 31. Bd1 (31. Rxb5 fxe3 32. Qxe3 Ne8 $15) 31... Qe8 $18) 30... Nf5 $2 (30... Ne8 31. Rxb5 (31. Qe4 Rg7 $16) 31... h5) 31. Bxf5 Bxf5 32. Rbxb7 Rxb7 33. Rxb7 h5 {[#]} 34. Nf6 {[%mdl 512]} Ra8 (34... Rf8 35. Nde4) 35. Nde4 {[%cal Bd2e4,Be4d6,Bd6f7,Bf7e5,Be5g6][%mdl 32] White mates.} Qh4 {[#]} 36. Nxd6 $1 Bg6 37. Nf7+ Kg7 38. Nxe5+ Kxf6 39. Nxg6 {Weighted Error Value: White=0.04 (flawless) /Black=0.40} 1-0

[Event "Belarus-ch Men 2022"]
[Site "Minsk"]
[Date "2022.01.18"]
[Round "10.2"]
[White "Stribuk, Artiom"]
[Black "Zarubitski, Viachaslau"]
[Result "1/2-1/2"]
[WhiteElo "2210"]
[BlackElo "2413"]
[Annotator "TA"]
[PlyCount "140"]
[EventDate "2022.01.09"]
[EventType "tourn"]
[EventCountry "BLR"]
[SourceTitle "playchess.com"]
[Source "ChessBase"]
[SourceQuality "1"]

{[%evp 21,140,17,26,4,17,-16,38,14,17,15,31,26,39,25,15,40,38,17,14,-90,40,0,25,19,29,38,50,46,47,15,21,21,21,26,25,3,5,0,18,0,40,0,39,8,8,0,0,0,0,0,0,0,0,0,4,5,25,0,77,0,0,0,0,0,0,0,0,0,0,0,0,0,0,0,0,0,0,0,0,0,0,0,0,0,0,0,0,0,0,0,0,0,0,0,0,0,0,0,0,0,0,0,0,0,0,0,0,0,0,0,0,0,0,0,0,0,0,0,0,0,0]} 1. d4 Nf6 2. c4 e6 3. Nc3 d5 4. cxd5 exd5 5. Bg5 Be7 6. e3 c6 7. Bd3 Nbd7 8. Qc2 O-O 9. Nf3 Re8 10. O-O Nf8 11. Ne5 N6d7 12. Bf4 {D36: Queen's Gambit Declined: Exchange Variation: Main line (5 Bg5 c6 6 Qc2).} Nxe5 13. dxe5 {[#]} Bg4 $146 (13... g6 $11) ({Predecessor:} 13... Ng6 14. Bg3 Bh4 15. Bxh4 Qxh4 16. f4 Qe7 17. Kh1 Nf8 18. Qf2 Rd8 19. Rad1 b6 {1-0 (28) Saric,S (2412)-Stikovic,D (2228) Novi Sad 2013}) 14. Rae1 {White is slightly better.} Bh5 15. Bg3 Bg6 16. e4 dxe4 17. Nxe4 (17. Bxe4 $5 {[%cal Rf2f4]} Ne6 18. f4 $11) 17... Qd4 18. Rd1 {And now Nd6 would win.} Qb6 19. Nd6 Bxd6 20. Bxg6 (20. exd6 $11 {was the only way to keep the balance.} Re6 21. Bxg6 hxg6 22. Rfe1 (22. d7 Re7 $15)) 20... hxg6 ({Don't take} 20... Bxe5 21. Bxf7+ Kxf7 22. Qc4+ Re6 23. Bxe5 $16) (20... Bb8 $17 21. Bd3 Bxe5) 21. Rxd6 (21. exd6 {with more complications.} Qa5 22. Qb3 Qb6 23. Qc3 Re2 24. Rd2) 21... Rad8 22. h3 Rxd6 23. exd6 Nd7 24. Qd2 Qd8 25. Re1 (25. Rd1 {feels hotter.} a6 26. f3 Nf8 27. a4 Qd7 28. b4) 25... Rxe1+ 26. Qxe1 Nf6 27. Qb4 Qd7 28. Qa5 b6 $1 29. Qg5 Nd5 30. a4 {[%cal Ob2b4]} a6 31. Kh2 {[%cal Oa4a5]} (31. a5 $5 {[%cal Ra5b6]}) 31... b5 32. axb5 axb5 33. Qc1 f6 34. h4 Kf7 35. Qa1 Nb6 36. b3 Nd5 37. Qa8 f5 {[#] aiming for ...f4.} 38. Be5 Ke6 39. f4 Nf6 (39... Ne3 $11 {keeps the balance.}) 40. Kh3 {White is much more active.} ({White should play} 40. Bxf6 $16 {Hoping for Be7.} Kxf6 41. Qa1+ Kf7 42. Qe5) 40... Ne8 $11 {The position is equal.} 41. b4 {[%cal Ra8a2] [#]} Nxd6 42. Qg8+ Qf7 ({Don't do} 42... Nf7 43. Bxg7 Kd5 44. Bf6 $16) 43. Qa8 Qe8 44. Qa7 Ne4 45. Qxg7 Kd5 {White must now prevent ...Kc4.} 46. Qa7 {[%cal Ra7a2]} c5 47. Qa2+ Kc6 48. Qa6+ Kd5 49. Qa2+ c4 50. Qa7 Ke6 51. Qb6+ Kf7 52. Qb7+ Ke6 53. Qb6+ Ke7 54. Kh2 Kf7 55. Qb7+ Ke6 56. Qb6+ Ke7 57. Kh3 Kf7 58. Qb7+ Ke6 59. Qb6+ Ke7 60. Kh2 Kf7 61. Qb7+ Qe7 62. Qxb5 Qxh4+ 63. Kg1 Qe1+ 64. Kh2 Qg3+ 65. Kg1 Qe3+ 66. Kh2 Qg3+ 67. Kg1 Qe1+ 68. Kh2 Qh4+ 69. Kg1 Qf2+ 70. Kh2 Qg3+ {Weighted Error Value: White=0.10 (very precise) /Black=0.13 (very precise)} 1/2-1/2

[Event "Belarus-ch Men 2022"]
[Site "Minsk"]
[Date "2022.01.18"]
[Round "10.3"]
[White "Volianuk, Vitaly"]
[Black "Stupak, Kirill"]
[Result "0-1"]
[WhiteElo "2267"]
[BlackElo "2478"]
[Annotator "TA"]
[PlyCount "66"]
[EventDate "2022.01.09"]
[EventType "tourn"]
[EventCountry "BLR"]
[SourceTitle "playchess.com"]
[Source "ChessBase"]
[SourceQuality "1"]

{[%evp 11,66,13,38,-12,-21,-24,-34,-32,0,-4,0,-46,-31,-102,-7,-29,-25,-27,-38,-88,-80,-99,-85,-84,-82,-117,-119,-111,-110,-98,-85,-90,-75,-116,-61,-123,-102,-122,-124,-106,-117,-121,-107,-139,-135,-135,-87,-86,-57,-56,-19,-202,-199,-228,-214,-29996,-29997]} 1. Nf3 d5 2. g3 g6 3. Bg2 Bg7 4. d4 c5 5. c3 Nf6 6. O-O O-O {6...Qa5 is the modern continuation.} 7. a3 {[#] D02: 1 d4 d5 2 Nf3 sidelines, including 2...Nf6 3 g3 and 2...Nf6 3 Bf4.} ({White should try} 7. dxc5 $14 Nc6 8. Nbd2) 7... Qb6 $146 ({Predecessor:} 7... Nbd7 8. Bf4 b6 9. Ne5 Bb7 10. Nd2 Nh5 11. Nxd7 Qxd7 12. Be3 e5 13. dxe5 Bxe5 14. Nf3 Bg7 {½-½ (30) Jankovskis,G (2313)-Berzinsh,R (2404) Riga 2018}) 8. b4 cxd4 9. cxd4 {Black is slightly better.} Ne4 {Inhibits Nc3.} 10. e3 Nc6 11. Qb3 (11. Bb2 $11 {deserves consideration.}) 11... Be6 $15 12. Nfd2 {[#]} (12. Qd3 $15) 12... f5 {Black is much more active.} (12... Nxf2 $1 $17 {[%mdl 512] ...Ng4 is the strong threat.} 13. Rxf2 {[#]} Nxd4 $1 14. exd4 Bxd4) 13. Bb2 Bf7 14. Rd1 Rac8 15. Ra2 (15. Nc3 $15) 15... e5 $17 {[%cal Re5d4]} 16. Nf3 {[%cal Rd4e5]} Rfe8 17. Ba1 exd4 18. Bxd4 Nxd4 19. Nxd4 Rc4 {[%cal Rg7d4]} 20. Qd3 Bxd4 21. exd4 Rec8 22. Bf1 (22. Qe3 $142) 22... Qc7 (22... Rc1 $17 23. Rb2 f4 24. gxf4 Qc7) 23. Qe3 (23. Re2 $15) 23... Rc1 24. Rxc1 Qxc1 25. Qxc1 Rxc1 26. Rb2 Be8 27. Kg2 Ba4 28. Nd2 Nxd2 ({Black should play} 28... Kf7 29. h4 Kf6) 29. Rxd2 Ra1 30. Be2 Kf7 31. Bf3 $2 (31. Rd3 $1 $11 {and White has nothing to worry.}) 31... Bb3 $19 32. Rd3 Bc4 33. Re3 (33. Rd1 $19 Rxa3 34. b5) 33... Bf1+ {Weighted Error Value: White=0.59/Black=0.16 (very precise)} 0-1

[Event "Belarus-ch Men 2022"]
[Site "Minsk"]
[Date "2022.01.18"]
[Round "10.4"]
[White "Nikitenko, Mihail"]
[Black "Runets, Ivan"]
[Result "1-0"]
[WhiteElo "2506"]
[BlackElo "2240"]
[Annotator "TA"]
[PlyCount "85"]
[EventDate "2022.01.09"]
[EventType "tourn"]
[EventCountry "BLR"]
[SourceTitle "playchess.com"]
[Source "ChessBase"]
[SourceQuality "1"]

{[%evp 11,85,20,16,20,18,22,23,22,32,20,30,0,4,6,10,4,14,6,14,-45,18,12,20,0,0,0,0,0,20,14,16,19,22,20,23,22,12,15,81,79,83,76,92,40,32,25,21,27,147,155,142,160,217,210,248,223,192,148,178,153,180,81,141,99,261,261,261,261,261,261,262,261,751,746,735,708]} 1. c4 Nf6 2. g3 c6 3. Bg2 d5 4. Nf3 Nbd7 5. d4 e6 6. O-O Be7 7. b3 {E01: Catalan: Early deviations.} b6 8. Bb2 Bb7 9. Nc3 {White has an edge.} Rc8 10. Qd3 O-O 11. e4 dxe4 12. Nxe4 c5 13. Nxf6+ Nxf6 14. Rad1 cxd4 {[#]} 15. Qe2 $146 (15. Bxd4 $11 Qc7 16. Ne5) ({Predecessor:} 15. Qxd4 Qc7 16. Qe5 Qxe5 17. Nxe5 Bxg2 18. Kxg2 Rfd8 19. Rxd8+ Bxd8 20. Rd1 Kf8 21. Nc6 Rxc6 22. Rxd8+ {0-1 (52) Kovalev,D (2487)-Hamley,R (2089) Chess.com INT 2020}) 15... Qc7 (15... Bxf3 $15 16. Bxf3 Bc5) 16. Bxd4 Rcd8 17. Qb2 Bc6 18. Ne5 Bxg2 19. Kxg2 Bc5 20. Bxc5 Qxc5 21. b4 Qc7 22. b5 h6 23. Nc6 Rxd1 24. Rxd1 a6 (24... Nd7 $11) 25. a4 $1 $16 axb5 26. axb5 Nd7 27. Qd4 {White is much more active.} ({White should try} 27. Qe2 $16) 27... Nc5 $14 28. Qd6 (28. Qa1 {with more complications.} f6 29. Qa3 Kh7 30. Qa2 Qf7 31. Qc2+) 28... Qxd6 29. Rxd6 $11 {[%mdl 4096] Endgame KRN-KRN} Na4 (29... Ra8 $11 {keeps the balance.}) 30. Ne7+ $16 Kh7 31. Rc6 $1 {Nc8 is the strong threat.} Rd8 (31... Rb8 $16 32. Rc7 f6) 32. Kf3 $18 Rd7 33. Nc8 Rd4 34. Ke2 ({Don't take} 34. Nxb6 $6 Nxb6 35. Rxb6 Rxc4 $16) (34. h4 $18) 34... e5 $16 35. Nd6 Kg6 {[#]} 36. Ne8+ (36. Ke3 $1 $18 {and White stays clearly on top.}) 36... Kh7 (36... f6 $142) 37. Kf3 Nb2 $2 {[#] Black cannot hold the game after this.} (37... h5 $16 {was called for.}) 38. Nd6 $1 $18 f6 39. c5 ({Not} 39. Rxb6 Nxc4 40. Nxc4 Rxc4 $14) 39... bxc5 40. b6 {[%cal Bb5b6,Bb6b7][%mdl 32] Black must now prevent b7.} Rb4 41. b7 c4 (41... Nc4) 42. Rc8 c3 43. Rxc3 {Weighted Error Value: White=0.12 (very precise) /Black=0.25 (precise)} 1-0

[Event "Belarus-ch Men 2022"]
[Site "Minsk"]
[Date "2022.01.18"]
[Round "10.5"]
[White "Lutsko, Igor"]
[Black "Lazavik, Denis"]
[Result "0-1"]
[WhiteElo "2305"]
[BlackElo "2465"]
[Annotator "TA"]
[PlyCount "126"]
[EventDate "2022.01.09"]
[EventType "tourn"]
[EventCountry "BLR"]
[SourceTitle "playchess.com"]
[Source "ChessBase"]
[SourceQuality "1"]

{[%evp 13,126,27,29,35,29,-2,13,6,7,15,10,10,5,15,15,10,11,12,16,13,10,0,2,0,0,0,0,0,0,0,0,0,0,0,23,23,22,25,23,0,2,0,11,0,0,0,0,0,0,-3,0,0,28,0,0,-6,-2,-52,-57,-52,-50,-327,-333,-303,-223,-237,-59,-75,-72,-68,-68,-68,-53,-67,-66,-73,-67,-75,-58,-60,-60,-86,-79,-93,-72,-95,-88,-87,-80,-93,-92,-120,0,-87,-65,-224,-251,-373,-370,-1120,-1039,-29956,-29966,-29962,-2060,-29953,-29957,-4930,-1003,-29963,-29965,-29982,-29983,-29983,-4618]} 1. d4 f5 2. g3 Nf6 3. Bg2 g6 4. Nd2 Bg7 5. e4 fxe4 6. Nxe4 Nxe4 7. Bxe4 d5 8. Bg2 {A81: Dutch Defence: 2 g3.} Nc6 9. Ne2 Bg4 {[%cal Oc6d4]} 10. c3 {The position is equal.} e5 11. h3 Bxe2 12. Qxe2 {aiming for dxe5.} O-O 13. dxe5 Nxe5 14. Bf4 {Black must now prevent 0-0-0.} c6 15. O-O {[#]} Qf6 $146 ({Predecessor:} 15... Re8 16. Rfe1 Qd7 17. Qc2 Rad8 18. Re2 Nc4 19. Rae1 Rxe2 20. Qxe2 Kf7 21. b3 Nd6 {1-0 (37) Shapkin,A (2283)-Temirkanov,D (2282) Chess.com INT 2020}) 16. Rae1 {[%cal Rf4e5]} Rae8 17. Qe3 a6 18. b3 Qf5 19. Qb6 Rf7 20. Re2 g5 21. Bc1 {And now f4 would win.} Ref8 22. Ba3 Rc8 23. Bd6 Ng6 24. Qe3 Bf8 25. Bxf8 Rcxf8 26. Qd4 Qf6 27. Rd1 {[%cal Bf1d1,Bd1d4,Bd4c4][%mdl 32]} Kg7 28. c4 Qxd4 29. Rxd4 dxc4 30. Rxc4 Rd8 31. Rg4 Rd1+ 32. Kh2 Rf5 33. Rb4 Rd7 34. h4 gxh4 35. Bh3 (35. gxh4 $11 Nf4 36. Re3) 35... hxg3+ $15 36. Kg2 {[#]} Rf4 37. Rb6 {[%mdl 8192] [#]} ({White should try} 37. Bxd7 $15 Rxb4 38. fxg3) (37. fxg3 Rxb4) 37... gxf2 $1 $19 38. Rxf2 Rdf7 39. Rd2 Rf3 $2 (39... R4f6 $19 {Threatens to win with ...Nf4+.} 40. Kh1 Ne5) 40. Bc8 Nh4+ (40... Re3 {keeps more tension.} 41. Rd7 Re2+ 42. Kg3 Ne7 43. Rbxb7 a5) 41. Kh2 Rc3 {...Nf3+ is the strong threat.} 42. Rd7 Rxd7 43. Bxd7 $15 {[%mdl 4096] Endgame KRB-KRN} Kf6 44. Bc8 Nf3+ 45. Kg2 Nd4 46. Bxb7 a5 47. b4 axb4 48. Rxb4 c5 49. Ra4 h5 {Black is more active.} 50. Ra8 c4 51. Rc8 Rc2+ 52. Kh3 Rc3+ ({Inferior is} 52... Rxa2 53. Rxc4 Ra3+ 54. Kg2 $15 (54. Kh4 $2 Nf5+ 55. Kxh5 Rh3+ 56. Kg4 Rh4+ 57. Kf3 Rxc4 $19)) ({Better is} 52... c3 $17 {Strongly threatening ...Rc1.} 53. a4 Rb2) 53. Kh2 (53. Kg2 $1 $11 {remains equal.}) 53... Nf5 54. Rf8+ $2 ({White should play} 54. Rc5 $15) 54... Kg5 $1 $19 55. a4 (55. Ra8 {was worth a try.}) 55... Ra3 56. Bc8 $2 (56. Rc8 Rxa4 57. Bf3) 56... Ne3 {Hoping for ...c3.} 57. Rg8+ Kh4 58. Re8 Ng4+ (58... Ra2+ $142 59. Kg1 Rg2+ 60. Kh1 Re2 61. Kg1 c3 62. Bf5 Kg3 63. Rg8+ Ng4 64. Kf1 Rf2+ 65. Ke1 Rxf5 66. Rc8 Re5+ 67. Kd1 Ne3+ 68. Kc1 h4 69. Rg8+ Kf2 70. Rf8+ Rf5 71. Re8 h3 72. Kb1 c2+ 73. Kb2 Rd5 74. Rf8+ Ke2 75. Rf7 Rd8 76. Rc7 Rb8+ 77. Ka2 h2 78. Rc5 h1=Q 79. Rb5 c1=Q $1 {[%mdl 512]} 80. Rxb8 Qa1+ 81. Kb3 Qhb1#) 59. Bxg4 hxg4 60. Rh8+ Kg5 {( -> ...Kf4)} 61. Ra8 Kf4 {Black mates.} 62. a5 Ra2+ 63. Kg1 Kf3 {Weighted Error Value: White=0.64/Black=0.26 (precise)} (63... c3 $142 64. Re8 Kf3 65. Re1 Rxa5 66. Rf1+ Kg3 67. Re1 c2 68. Rc1 Rd5 69. Kf1 Rd1+ 70. Ke2 Rxc1 71. Kd2 {[#]} Re1 $3 {[%mdl 512]} 72. Kxc2 Re3 73. Kd1 Kf4 74. Kc2 g3 75. Kd1 g2 76. Kd2 g1=Q 77. Kc2 Qf2+ 78. Kd1 Re1#) 0-1

[Event "Belarus-ch Men 2022"]
[Site "Minsk"]
[Date "2022.01.18"]
[Round "10.6"]
[White "Siniauski, Artsiom"]
[Black "Fedorov, Alexei"]
[Result "1-0"]
[WhiteElo "2301"]
[BlackElo "2552"]
[Annotator "TA"]
[PlyCount "57"]
[EventDate "2022.01.09"]
[EventType "tourn"]
[EventCountry "BLR"]
[SourceTitle "playchess.com"]
[Source "ChessBase"]
[SourceQuality "1"]

{[%evp 15,57,27,28,29,28,25,28,30,86,88,112,125,124,122,127,136,153,117,141,158,152,145,110,103,392,379,1601,1522,1332,1058,978,973,981,976,1202,1039,1083,1043,1352,391,421,418,1172,1168]} 1. e4 c5 2. Nf3 {[%cal Bg1f3,Bf3d4,Bd4b5,Bb5a3,Ba3c2][%mdl 32]} Nc6 3. d4 cxd4 4. Nxd4 e5 5. Nb5 d6 6. c4 Be6 7. N1c3 a6 8. Na3 Rc8 9. Be2 {B32: Sicilian: Löwenthal and Kalashnikov Variations.} g6 10. O-O Bg7 11. Nc2 {[#] White has an edge.} Na5 $146 (11... Nf6 $11) ({Predecessor:} 11... Nf6 12. Be3 O-O 13. b3 b5 14. cxb5 Ne7 15. Na4 Nxe4 16. bxa6 Nd5 17. Bc4 Ndc3 18. Nxc3 Nxc3 {0-1 (37) Chigaev,M (2639)-Henriquez Villagra,C (2608) Riga 2021}) 12. b3 $16 {[%cal Bb2b3,Bb3b4][%mdl 32]} b5 {[%cal Rb5c4]} 13. Nd5 bxc4 14. b4 $1 Nc6 15. Bxc4 Nd4 {[#]} 16. Nxd4 $1 Rxc4 17. Nxe6 {White is more active.} fxe6 {[#]} 18. Qa4+ $1 Kf7 19. f4 {[%cal Bf2f4,Bf4e5][%mdl 32]} exd5 $4 {[%mdl 8192] This move loses the game for Black.} (19... exf4 $16 {was necessary.} 20. Rxf4+ Nf6 21. Nxf6 (21. Qxa6 $2 exd5 22. Bb2 Rf8 $19) 21... Bxf6) 20. fxe5+ $18 {[%mdl 64] Discovered Attack} Ke6 $2 (20... Bf6) 21. exd5+ Kxd5 22. Bb2 Ke6 23. Rad1 Bxe5 24. Bxe5 Kxe5 25. Qb3 {White threatens Rde1+ and mate.} Qb6+ 26. Kh1 Qxb4 27. Qe3+ (27. Rde1+ $142 Kd5 28. Qf3+ Kc5 29. Qe3+ Kc6 30. Rb1) 27... Re4 28. Qa7 {Intending Qg7+ and mate.} d5 (28... Rf4 $142 29. Qg7+ Ke6 30. Qxh8 Rxf1+ 31. Rxf1 Ne7 32. Qxh7 a5 33. Qf7+ Kd7) 29. Qc7+ {Weighted Error Value: White=0.28 (precise) /Black=0.43} 1-0